|
|
|
|
| LEADER |
00000nnm a2200000 i 4500 |
| 001 |
dolg12032 |
| 005 |
20180302102845.0 |
| 008 |
170517suuuu hu o 000 hun d |
| 040 |
|
|
|a BGE Dolgozattár Repozitórium
|b hun
|
| 041 |
|
|
|a hu
|
| 100 |
1 |
|
|a Vidovenyecz Tamás
|
| 245 |
1 |
0 |
|a Rendezvényszervezés és Lebonyolítás az Érdi Szepes Gyula Művelődési Központ közreműködésével
|c Vidovenyecz Tamás
|h [elektronikus dokumentum]
|
| 516 |
|
|
|a Project_work
|
| 695 |
|
|
|a rendezvény szervezés
|
| 695 |
|
|
|a rendezvénylebonyolítás
|
| 700 |
1 |
|
|a Hegedűs Péter
|e ths
|
| 856 |
4 |
0 |
|u http://dolgozattar.uni-bge.hu/12032/1/Rendezv%C3%A9nyszervez%C3%A9s%20%C3%A9s%20Lebonyol%C3%ADt%C3%A1s%20az%20%C3%89rdi%20Szepes%20Gyula%20M%C5%B1vel%C5%91d%C3%A9si%20K%C3%B6zpont%20k%C3%B6zrem%C5%B1k%C3%B6d%C3%A9s%C3%A9vel.pdf
|z Dokumentum-elérés
|